01221nam a2200265 a 450000100100000000500170001000800410002702000150006804000250008304100130010808200150012110000210013624000680015724502230022526000390044830000330048749000190052050400730053950001310061253400920074370000220083570000400085770000370089783000210093400002647520200930030238.0110321s1993 mx a r 000 0 spa d a0226388565 aDO-SdBNPbspacBNPHU17aspaheng axxxbL984t1 aLyengar, Shanto,10aNews that matters. Television and American opinion.lEspañol.10aLa televisión y la opinión pública :bla información es poder /cShanto Iyengar y Donald R. Kinder ; traducción del inglés Elsa Ruth Martínez Conde ; cuidado de la edición María Elsa López Paniagua. aMéxico, D. F. :bGernika,c1993. a275, [2] p. :bil. ;c22 cm.1 aPeriodismov17 aIncluye referencias bibliográficas y notas al pie de las páginas aIncluye apéndice B fuentes de los datos, especificación de los modelos y procedimientos para las estimaciones (p. 217-245) aTítulo del original en inglés:tNews that matters. Television and American opinion.1 aKinder, Donald R.1 aLópez Paniagua, María Elsaeed.1 aMartínez Conde, Elsa Ruthetr. 0aPeriodismo ;v17